<?xml version="1.0" encoding="UTF-8"?>
<record
    xmlns:xsi="http://www.w3.org/2001/XMLSchema-instance"
    xsi:schemaLocation="http://www.loc.gov/MARC21/slim http://www.loc.gov/standards/marcxml/schema/MARC21slim.xsd"
    xmlns="http://www.loc.gov/MARC21/slim">

  <leader>00652nam a22002417a 4500</leader>
  <controlfield tag="003">UA-OsUOA</controlfield>
  <controlfield tag="001"> 20360 </controlfield>
  <controlfield tag="007">ta</controlfield>
  <controlfield tag="008">20031027b un ||||| |||| 00| 0 ukr d</controlfield>
  <datafield tag="090" ind1=" " ind2=" ">
    <subfield code="a">911.3:30+911.3(477)(075)</subfield>
    <subfield code="b">&#x421;69</subfield>
  </datafield>
  <datafield tag="942" ind1=" " ind2=" ">
    <subfield code="c">BK</subfield>
  </datafield>
  <datafield tag="040" ind1=" " ind2=" ">
    <subfield code="a">UA-OsUOA</subfield>
    <subfield code="b">ukr</subfield>
    <subfield code="c">UA-OsUOA</subfield>
    <subfield code="d">UA-OsUOA</subfield>
  </datafield>
  <datafield tag="245" ind1=" " ind2=" ">
    <subfield code="a">&#x421;&#x43E;&#x446;&#x456;&#x430;&#x43B;&#x44C;&#x43D;&#x43E;-&#x435;&#x43A;&#x43E;&#x43D;&#x43E;&#x43C;&#x456;&#x447;&#x43D;&#x430; &#x433;&#x435;&#x43E;&#x433;&#x440;&#x430;&#x444;&#x456;&#x44F; &#x423;&#x43A;&#x440;&#x430;&#x457;&#x43D;&#x438;</subfield>
    <subfield code="c">&#x41E;. &#x406;. &#x428;&#x430;&#x431;&#x43B;&#x456;&#x439;</subfield>
  </datafield>
  <datafield tag="300" ind1=" " ind2=" ">
    <subfield code="a">680 &#x441;.</subfield>
    <subfield code="b">&#x406;&#x43B;&#x44E;&#x441;&#x442;&#x440;&#x430;&#x446;&#x456;&#x457;</subfield>
  </datafield>
  <datafield tag="955" ind1=" " ind2=" ">
    <subfield code="a">2</subfield>
  </datafield>
  <datafield tag="041" ind1=" " ind2=" ">
    <subfield code="a">ukr</subfield>
  </datafield>
  <datafield tag="080" ind1=" " ind2=" ">
    <subfield code="a">911.3:30+911.3(477)(075)</subfield>
  </datafield>
  <datafield tag="020" ind1=" " ind2=" ">
    <subfield code="a">5-7773-0230-0</subfield>
  </datafield>
  <datafield tag="260" ind1=" " ind2=" ">
    <subfield code="a">&#x41B;&#x44C;&#x432;&#x456;&#x432;</subfield>
    <subfield code="b">&#x421;&#x432;&#x456;&#x442;</subfield>
    <subfield code="c">2000</subfield>
  </datafield>
  <datafield tag="044" ind1=" " ind2=" ">
    <subfield code="a">RU</subfield>
  </datafield>
  <datafield tag="650" ind1=" " ind2="7">
    <subfield code="2">UDC</subfield>
  </datafield>
  <datafield tag="999" ind1=" " ind2=" ">
    <subfield code="c">306537</subfield>
    <subfield code="d">306537</subfield>
  </datafield>
  <datafield tag="952" ind1=" " ind2=" ">
    <subfield code="0">0</subfield>
    <subfield code="1">0</subfield>
    <subfield code="2">udc</subfield>
    <subfield code="4">0</subfield>
    <subfield code="7">0</subfield>
    <subfield code="a">101</subfield>
    <subfield code="b">101</subfield>
    <subfield code="d">2007-08-13</subfield>
    <subfield code="i">55692</subfield>
    <subfield code="l">0</subfield>
    <subfield code="o">911.3:30+911.3(477)(075) &#x421;69</subfield>
    <subfield code="p">55692</subfield>
    <subfield code="r">2022-01-18 00:00:00</subfield>
    <subfield code="w">2003-10-27</subfield>
    <subfield code="y">BK</subfield>
  </datafield>
  <datafield tag="952" ind1=" " ind2=" ">
    <subfield code="0">0</subfield>
    <subfield code="1">0</subfield>
    <subfield code="2">udc</subfield>
    <subfield code="4">0</subfield>
    <subfield code="7">0</subfield>
    <subfield code="a">101</subfield>
    <subfield code="b">101</subfield>
    <subfield code="d">2003-10-27</subfield>
    <subfield code="i">55694</subfield>
    <subfield code="l">0</subfield>
    <subfield code="o">911.3:30+911.3(477)(075) &#x421;69</subfield>
    <subfield code="p">55694</subfield>
    <subfield code="r">2022-01-18 00:00:00</subfield>
    <subfield code="w">2003-10-27</subfield>
    <subfield code="y">BK</subfield>
  </datafield>
  <datafield tag="952" ind1=" " ind2=" ">
    <subfield code="0">0</subfield>
    <subfield code="1">0</subfield>
    <subfield code="2">udc</subfield>
    <subfield code="4">0</subfield>
    <subfield code="7">0</subfield>
    <subfield code="a">101</subfield>
    <subfield code="b">101</subfield>
    <subfield code="d">2003-10-27</subfield>
    <subfield code="i">55695</subfield>
    <subfield code="l">0</subfield>
    <subfield code="o">911.3:30+911.3(477)(075) &#x421;69</subfield>
    <subfield code="p">55695</subfield>
    <subfield code="r">2022-01-18 00:00:00</subfield>
    <subfield code="w">2003-10-27</subfield>
    <subfield code="y">BK</subfield>
  </datafield>
  <datafield tag="952" ind1=" " ind2=" ">
    <subfield code="0">0</subfield>
    <subfield code="1">0</subfield>
    <subfield code="2">udc</subfield>
    <subfield code="4">0</subfield>
    <subfield code="7">0</subfield>
    <subfield code="a">101</subfield>
    <subfield code="b">101</subfield>
    <subfield code="d">2007-08-13</subfield>
    <subfield code="i">55696</subfield>
    <subfield code="l">0</subfield>
    <subfield code="o">911.3:30+911.3(477)(075) &#x421;69</subfield>
    <subfield code="p">55696</subfield>
    <subfield code="r">2022-01-18 00:00:00</subfield>
    <subfield code="w">2003-10-27</subfield>
    <subfield code="y">BK</subfield>
  </datafield>
  <datafield tag="952" ind1=" " ind2=" ">
    <subfield code="0">0</subfield>
    <subfield code="1">0</subfield>
    <subfield code="2">udc</subfield>
    <subfield code="4">0</subfield>
    <subfield code="7">0</subfield>
    <subfield code="a">101</subfield>
    <subfield code="b">101</subfield>
    <subfield code="d">2007-08-13</subfield>
    <subfield code="i">55697</subfield>
    <subfield code="l">0</subfield>
    <subfield code="o">911.3:30+911.3(477)(075) &#x421;69</subfield>
    <subfield code="p">55697</subfield>
    <subfield code="r">2022-01-18 00:00:00</subfield>
    <subfield code="w">2003-10-27</subfield>
    <subfield code="y">BK</subfield>
  </datafield>
  <datafield tag="952" ind1=" " ind2=" ">
    <subfield code="0">0</subfield>
    <subfield code="1">0</subfield>
    <subfield code="2">udc</subfield>
    <subfield code="4">0</subfield>
    <subfield code="7">0</subfield>
    <subfield code="a">101</subfield>
    <subfield code="b">101</subfield>
    <subfield code="d">2003-10-27</subfield>
    <subfield code="i">55698</subfield>
    <subfield code="l">0</subfield>
    <subfield code="o">911.3:30+911.3(477)(075) &#x421;69</subfield>
    <subfield code="p">55698</subfield>
    <subfield code="r">2022-01-18 00:00:00</subfield>
    <subfield code="w">2003-10-27</subfield>
    <subfield code="y">BK</subfield>
  </datafield>
  <datafield tag="952" ind1=" " ind2=" ">
    <subfield code="0">0</subfield>
    <subfield code="1">0</subfield>
    <subfield code="2">udc</subfield>
    <subfield code="4">0</subfield>
    <subfield code="7">0</subfield>
    <subfield code="a">101</subfield>
    <subfield code="b">101</subfield>
    <subfield code="d">2003-10-27</subfield>
    <subfield code="i">55699</subfield>
    <subfield code="l">0</subfield>
    <subfield code="o">911.3:30+911.3(477)(075) &#x421;69</subfield>
    <subfield code="p">55699</subfield>
    <subfield code="r">2022-01-18 00:00:00</subfield>
    <subfield code="w">2003-10-27</subfield>
    <subfield code="y">BK</subfield>
  </datafield>
  <datafield tag="952" ind1=" " ind2=" ">
    <subfield code="0">0</subfield>
    <subfield code="1">0</subfield>
    <subfield code="2">udc</subfield>
    <subfield code="4">0</subfield>
    <subfield code="7">0</subfield>
    <subfield code="a">101</subfield>
    <subfield code="b">101</subfield>
    <subfield code="d">2003-10-27</subfield>
    <subfield code="i">55700</subfield>
    <subfield code="l">0</subfield>
    <subfield code="o">911.3:30+911.3(477)(075) &#x421;69</subfield>
    <subfield code="p">55700</subfield>
    <subfield code="r">2022-01-18 00:00:00</subfield>
    <subfield code="w">2003-10-27</subfield>
    <subfield code="y">BK</subfield>
  </datafield>
  <datafield tag="952" ind1=" " ind2=" ">
    <subfield code="0">0</subfield>
    <subfield code="1">0</subfield>
    <subfield code="2">udc</subfield>
    <subfield code="4">0</subfield>
    <subfield code="7">0</subfield>
    <subfield code="a">101</subfield>
    <subfield code="b">101</subfield>
    <subfield code="d">2003-10-27</subfield>
    <subfield code="i">55701</subfield>
    <subfield code="l">0</subfield>
    <subfield code="o">911.3:30+911.3(477)(075) &#x421;69</subfield>
    <subfield code="p">55701</subfield>
    <subfield code="r">2022-01-18 00:00:00</subfield>
    <subfield code="w">2003-10-27</subfield>
    <subfield code="y">BK</subfield>
  </datafield>
  <datafield tag="952" ind1=" " ind2=" ">
    <subfield code="0">0</subfield>
    <subfield code="1">0</subfield>
    <subfield code="2">udc</subfield>
    <subfield code="4">0</subfield>
    <subfield code="7">0</subfield>
    <subfield code="a">101</subfield>
    <subfield code="b">101</subfield>
    <subfield code="d">2003-10-27</subfield>
    <subfield code="i">55702</subfield>
    <subfield code="l">0</subfield>
    <subfield code="o">911.3:30+911.3(477)(075) &#x421;69</subfield>
    <subfield code="p">55702</subfield>
    <subfield code="r">2022-01-18 00:00:00</subfield>
    <subfield code="w">2003-10-27</subfield>
    <subfield code="y">BK</subfield>
  </datafield>
  <datafield tag="952" ind1=" " ind2=" ">
    <subfield code="0">0</subfield>
    <subfield code="1">0</subfield>
    <subfield code="2">udc</subfield>
    <subfield code="4">0</subfield>
    <subfield code="7">0</subfield>
    <subfield code="a">101</subfield>
    <subfield code="b">101</subfield>
    <subfield code="d">2003-10-27</subfield>
    <subfield code="i">55703</subfield>
    <subfield code="l">0</subfield>
    <subfield code="o">911.3:30+911.3(477)(075) &#x421;69</subfield>
    <subfield code="p">55703</subfield>
    <subfield code="r">2022-01-18 00:00:00</subfield>
    <subfield code="w">2003-10-27</subfield>
    <subfield code="y">BK</subfield>
  </datafield>
  <datafield tag="952" ind1=" " ind2=" ">
    <subfield code="0">0</subfield>
    <subfield code="1">0</subfield>
    <subfield code="2">udc</subfield>
    <subfield code="4">0</subfield>
    <subfield code="7">0</subfield>
    <subfield code="a">101</subfield>
    <subfield code="b">101</subfield>
    <subfield code="d">2007-08-13</subfield>
    <subfield code="i">55704</subfield>
    <subfield code="l">0</subfield>
    <subfield code="o">911.3:30+911.3(477)(075) &#x421;69</subfield>
    <subfield code="p">55704</subfield>
    <subfield code="r">2022-01-18 00:00:00</subfield>
    <subfield code="w">2003-10-27</subfield>
    <subfield code="y">BK</subfield>
  </datafield>
  <datafield tag="952" ind1=" " ind2=" ">
    <subfield code="0">0</subfield>
    <subfield code="1">0</subfield>
    <subfield code="2">udc</subfield>
    <subfield code="4">0</subfield>
    <subfield code="7">0</subfield>
    <subfield code="a">101</subfield>
    <subfield code="b">101</subfield>
    <subfield code="d">2007-08-13</subfield>
    <subfield code="i">55705</subfield>
    <subfield code="l">0</subfield>
    <subfield code="o">911.3:30+911.3(477)(075) &#x421;69</subfield>
    <subfield code="p">55705</subfield>
    <subfield code="r">2022-01-18 00:00:00</subfield>
    <subfield code="w">2003-10-27</subfield>
    <subfield code="y">BK</subfield>
  </datafield>
  <datafield tag="952" ind1=" " ind2=" ">
    <subfield code="0">0</subfield>
    <subfield code="1">0</subfield>
    <subfield code="2">udc</subfield>
    <subfield code="4">0</subfield>
    <subfield code="7">0</subfield>
    <subfield code="a">101</subfield>
    <subfield code="b">101</subfield>
    <subfield code="d">2003-10-27</subfield>
    <subfield code="i">55706</subfield>
    <subfield code="l">0</subfield>
    <subfield code="o">911.3:30+911.3(477)(075) &#x421;69</subfield>
    <subfield code="p">55706</subfield>
    <subfield code="r">2022-01-18 00:00:00</subfield>
    <subfield code="w">2003-10-27</subfield>
    <subfield code="y">BK</subfield>
  </datafield>
  <datafield tag="952" ind1=" " ind2=" ">
    <subfield code="0">0</subfield>
    <subfield code="1">0</subfield>
    <subfield code="2">udc</subfield>
    <subfield code="4">0</subfield>
    <subfield code="7">0</subfield>
    <subfield code="a">101</subfield>
    <subfield code="b">101</subfield>
    <subfield code="d">2003-10-27</subfield>
    <subfield code="i">55707</subfield>
    <subfield code="l">0</subfield>
    <subfield code="o">911.3:30+911.3(477)(075) &#x421;69</subfield>
    <subfield code="p">55707</subfield>
    <subfield code="r">2022-01-18 00:00:00</subfield>
    <subfield code="w">2003-10-27</subfield>
    <subfield code="y">BK</subfield>
  </datafield>
  <datafield tag="952" ind1=" " ind2=" ">
    <subfield code="0">0</subfield>
    <subfield code="1">0</subfield>
    <subfield code="2">udc</subfield>
    <subfield code="4">0</subfield>
    <subfield code="7">0</subfield>
    <subfield code="a">101</subfield>
    <subfield code="b">101</subfield>
    <subfield code="d">2003-10-27</subfield>
    <subfield code="i">55708</subfield>
    <subfield code="l">0</subfield>
    <subfield code="o">911.3:30+911.3(477)(075) &#x421;69</subfield>
    <subfield code="p">55708</subfield>
    <subfield code="r">2022-01-18 00:00:00</subfield>
    <subfield code="w">2003-10-27</subfield>
    <subfield code="y">BK</subfield>
  </datafield>
  <datafield tag="952" ind1=" " ind2=" ">
    <subfield code="0">0</subfield>
    <subfield code="1">0</subfield>
    <subfield code="2">udc</subfield>
    <subfield code="4">0</subfield>
    <subfield code="7">0</subfield>
    <subfield code="a">101</subfield>
    <subfield code="b">101</subfield>
    <subfield code="d">2007-08-13</subfield>
    <subfield code="i">55709</subfield>
    <subfield code="l">0</subfield>
    <subfield code="o">911.3:30+911.3(477)(075) &#x421;69</subfield>
    <subfield code="p">55709</subfield>
    <subfield code="r">2022-01-18 00:00:00</subfield>
    <subfield code="w">2003-10-27</subfield>
    <subfield code="y">BK</subfield>
  </datafield>
  <datafield tag="952" ind1=" " ind2=" ">
    <subfield code="0">0</subfield>
    <subfield code="1">0</subfield>
    <subfield code="2">udc</subfield>
    <subfield code="4">0</subfield>
    <subfield code="7">0</subfield>
    <subfield code="a">101</subfield>
    <subfield code="b">101</subfield>
    <subfield code="d">2007-08-13</subfield>
    <subfield code="i">55710</subfield>
    <subfield code="l">0</subfield>
    <subfield code="o">911.3:30+911.3(477)(075) &#x421;69</subfield>
    <subfield code="p">55710</subfield>
    <subfield code="r">2022-01-18 00:00:00</subfield>
    <subfield code="w">2003-10-27</subfield>
    <subfield code="y">BK</subfield>
  </datafield>
  <datafield tag="952" ind1=" " ind2=" ">
    <subfield code="0">0</subfield>
    <subfield code="1">0</subfield>
    <subfield code="2">udc</subfield>
    <subfield code="4">0</subfield>
    <subfield code="7">0</subfield>
    <subfield code="a">101</subfield>
    <subfield code="b">101</subfield>
    <subfield code="d">2007-08-13</subfield>
    <subfield code="i">55711</subfield>
    <subfield code="l">0</subfield>
    <subfield code="o">911.3:30+911.3(477)(075) &#x421;69</subfield>
    <subfield code="p">55711</subfield>
    <subfield code="r">2022-01-18 00:00:00</subfield>
    <subfield code="w">2003-10-27</subfield>
    <subfield code="y">BK</subfield>
  </datafield>
  <datafield tag="952" ind1=" " ind2=" ">
    <subfield code="0">0</subfield>
    <subfield code="1">0</subfield>
    <subfield code="2">udc</subfield>
    <subfield code="4">0</subfield>
    <subfield code="7">0</subfield>
    <subfield code="a">101</subfield>
    <subfield code="b">101</subfield>
    <subfield code="d">2007-08-13</subfield>
    <subfield code="i">60123</subfield>
    <subfield code="l">0</subfield>
    <subfield code="o">911.3:30+911.3(477)(075) &#x421;69</subfield>
    <subfield code="p">60123</subfield>
    <subfield code="r">2022-01-18 00:00:00</subfield>
    <subfield code="w">2003-10-27</subfield>
    <subfield code="y">BK</subfield>
  </datafield>
  <datafield tag="952" ind1=" " ind2=" ">
    <subfield code="0">0</subfield>
    <subfield code="1">0</subfield>
    <subfield code="2">udc</subfield>
    <subfield code="4">0</subfield>
    <subfield code="7">0</subfield>
    <subfield code="a">101</subfield>
    <subfield code="b">101</subfield>
    <subfield code="d">2007-08-13</subfield>
    <subfield code="i">60124</subfield>
    <subfield code="l">0</subfield>
    <subfield code="o">911.3:30+911.3(477)(075) &#x421;69</subfield>
    <subfield code="p">60124</subfield>
    <subfield code="r">2022-01-18 00:00:00</subfield>
    <subfield code="w">2003-10-27</subfield>
    <subfield code="y">BK</subfield>
  </datafield>
  <datafield tag="952" ind1=" " ind2=" ">
    <subfield code="0">0</subfield>
    <subfield code="1">0</subfield>
    <subfield code="2">udc</subfield>
    <subfield code="4">0</subfield>
    <subfield code="7">0</subfield>
    <subfield code="a">101</subfield>
    <subfield code="b">101</subfield>
    <subfield code="d">2007-08-13</subfield>
    <subfield code="i">60125</subfield>
    <subfield code="l">0</subfield>
    <subfield code="o">911.3:30+911.3(477)(075) &#x421;69</subfield>
    <subfield code="p">60125</subfield>
    <subfield code="r">2022-01-18 00:00:00</subfield>
    <subfield code="w">2003-10-27</subfield>
    <subfield code="y">BK</subfield>
  </datafield>
  <datafield tag="952" ind1=" " ind2=" ">
    <subfield code="0">0</subfield>
    <subfield code="1">0</subfield>
    <subfield code="2">udc</subfield>
    <subfield code="4">0</subfield>
    <subfield code="7">0</subfield>
    <subfield code="a">102</subfield>
    <subfield code="b">102</subfield>
    <subfield code="d">2004-11-08</subfield>
    <subfield code="i">72501</subfield>
    <subfield code="l">1</subfield>
    <subfield code="o">911.3:30+911.3(477)(075) &#x421;69</subfield>
    <subfield code="p">72501</subfield>
    <subfield code="r">2022-02-07 00:00:00</subfield>
    <subfield code="s">2019-07-25</subfield>
    <subfield code="w">2003-10-27</subfield>
    <subfield code="y">BK</subfield>
  </datafield>
  <datafield tag="952" ind1=" " ind2=" ">
    <subfield code="0">0</subfield>
    <subfield code="1">0</subfield>
    <subfield code="2">udc</subfield>
    <subfield code="4">0</subfield>
    <subfield code="7">0</subfield>
    <subfield code="a">102</subfield>
    <subfield code="b">102</subfield>
    <subfield code="d">2004-11-08</subfield>
    <subfield code="i">72502</subfield>
    <subfield code="l">0</subfield>
    <subfield code="o">911.3:30+911.3(477)(075) &#x421;69</subfield>
    <subfield code="p">72502</subfield>
    <subfield code="r">2022-02-07 00:00:00</subfield>
    <subfield code="w">2003-10-27</subfield>
    <subfield code="y">BK</subfield>
  </datafield>
  <datafield tag="952" ind1=" " ind2=" ">
    <subfield code="0">0</subfield>
    <subfield code="1">0</subfield>
    <subfield code="2">udc</subfield>
    <subfield code="4">0</subfield>
    <subfield code="7">0</subfield>
    <subfield code="a">102</subfield>
    <subfield code="b">102</subfield>
    <subfield code="d">2004-11-08</subfield>
    <subfield code="i">72503</subfield>
    <subfield code="l">0</subfield>
    <subfield code="o">911.3:30+911.3(477)(075) &#x421;69</subfield>
    <subfield code="p">72503</subfield>
    <subfield code="r">2022-02-07 00:00:00</subfield>
    <subfield code="w">2003-10-27</subfield>
    <subfield code="y">BK</subfield>
  </datafield>
  <datafield tag="952" ind1=" " ind2=" ">
    <subfield code="0">0</subfield>
    <subfield code="1">0</subfield>
    <subfield code="2">udc</subfield>
    <subfield code="4">0</subfield>
    <subfield code="7">0</subfield>
    <subfield code="a">102</subfield>
    <subfield code="b">102</subfield>
    <subfield code="d">2004-11-08</subfield>
    <subfield code="i">72504</subfield>
    <subfield code="l">0</subfield>
    <subfield code="o">911.3:30+911.3(477)(075) &#x421;69</subfield>
    <subfield code="p">72504</subfield>
    <subfield code="r">2022-02-07 00:00:00</subfield>
    <subfield code="w">2003-10-27</subfield>
    <subfield code="y">BK</subfield>
  </datafield>
  <datafield tag="952" ind1=" " ind2=" ">
    <subfield code="0">0</subfield>
    <subfield code="1">0</subfield>
    <subfield code="2">udc</subfield>
    <subfield code="4">0</subfield>
    <subfield code="7">0</subfield>
    <subfield code="a">102</subfield>
    <subfield code="b">102</subfield>
    <subfield code="d">2004-11-08</subfield>
    <subfield code="i">72505</subfield>
    <subfield code="l">0</subfield>
    <subfield code="o">911.3:30+911.3(477)(075) &#x421;69</subfield>
    <subfield code="p">72505</subfield>
    <subfield code="r">2022-02-07 00:00:00</subfield>
    <subfield code="w">2003-10-27</subfield>
    <subfield code="y">BK</subfield>
  </datafield>
  <datafield tag="952" ind1=" " ind2=" ">
    <subfield code="0">0</subfield>
    <subfield code="1">0</subfield>
    <subfield code="2">udc</subfield>
    <subfield code="4">0</subfield>
    <subfield code="7">0</subfield>
    <subfield code="a">102</subfield>
    <subfield code="b">102</subfield>
    <subfield code="d">2004-11-08</subfield>
    <subfield code="i">72506</subfield>
    <subfield code="l">0</subfield>
    <subfield code="o">911.3:30+911.3(477)(075) &#x421;69</subfield>
    <subfield code="p">72506</subfield>
    <subfield code="r">2022-02-07 00:00:00</subfield>
    <subfield code="w">2003-10-27</subfield>
    <subfield code="y">BK</subfield>
  </datafield>
  <datafield tag="952" ind1=" " ind2=" ">
    <subfield code="0">0</subfield>
    <subfield code="1">0</subfield>
    <subfield code="2">udc</subfield>
    <subfield code="4">0</subfield>
    <subfield code="7">0</subfield>
    <subfield code="a">102</subfield>
    <subfield code="b">102</subfield>
    <subfield code="d">2004-11-08</subfield>
    <subfield code="i">72507</subfield>
    <subfield code="l">0</subfield>
    <subfield code="o">911.3:30+911.3(477)(075) &#x421;69</subfield>
    <subfield code="p">72507</subfield>
    <subfield code="r">2022-02-07 00:00:00</subfield>
    <subfield code="w">2003-10-27</subfield>
    <subfield code="y">BK</subfield>
  </datafield>
  <datafield tag="952" ind1=" " ind2=" ">
    <subfield code="0">0</subfield>
    <subfield code="1">0</subfield>
    <subfield code="2">udc</subfield>
    <subfield code="4">0</subfield>
    <subfield code="7">0</subfield>
    <subfield code="a">102</subfield>
    <subfield code="b">102</subfield>
    <subfield code="d">2004-11-08</subfield>
    <subfield code="g">3.00</subfield>
    <subfield code="i">72508</subfield>
    <subfield code="l">0</subfield>
    <subfield code="o">911.3:30+911.3(477)(075) &#x421;69</subfield>
    <subfield code="p">72508</subfield>
    <subfield code="r">2022-02-07 00:00:00</subfield>
    <subfield code="w">2003-10-27</subfield>
    <subfield code="y">BK</subfield>
  </datafield>
  <datafield tag="952" ind1=" " ind2=" ">
    <subfield code="0">0</subfield>
    <subfield code="1">0</subfield>
    <subfield code="2">udc</subfield>
    <subfield code="4">0</subfield>
    <subfield code="7">0</subfield>
    <subfield code="a">102</subfield>
    <subfield code="b">102</subfield>
    <subfield code="d">2004-11-08</subfield>
    <subfield code="i">72509</subfield>
    <subfield code="l">0</subfield>
    <subfield code="o">911.3:30+911.3(477)(075) &#x421;69</subfield>
    <subfield code="p">72509</subfield>
    <subfield code="r">2022-02-07 00:00:00</subfield>
    <subfield code="w">2003-10-27</subfield>
    <subfield code="y">BK</subfield>
  </datafield>
  <datafield tag="952" ind1=" " ind2=" ">
    <subfield code="0">0</subfield>
    <subfield code="1">0</subfield>
    <subfield code="2">udc</subfield>
    <subfield code="4">0</subfield>
    <subfield code="7">0</subfield>
    <subfield code="a">102</subfield>
    <subfield code="b">102</subfield>
    <subfield code="d">2004-11-08</subfield>
    <subfield code="i">75035</subfield>
    <subfield code="l">0</subfield>
    <subfield code="o">911.3:30+911.3(477)(075) &#x421;69</subfield>
    <subfield code="p">75035</subfield>
    <subfield code="r">2022-02-07 00:00:00</subfield>
    <subfield code="w">2003-10-27</subfield>
    <subfield code="y">BK</subfield>
  </datafield>
</record>
